| 000 | 00375nam a2200157Ia 4500 | ||
|---|---|---|---|
| 008 | 210716s1980 xx 000 0 und d | ||
| 020 | _a0030503566 | ||
| 041 | _aeng | ||
| 082 | _a330 DOLE | ||
| 100 | _aDolan, Edwin G. | ||
| 245 | _aBasic economics. | ||
| 250 | _a2 | ||
| 260 |
_aHinsdale _bThe Dyden press _c1980 |
||
| 300 | _axxvi,712,G-6,5 | ||
| 650 | _aEconomics(330) | ||
| 999 |
_c202216 _d202216 |
||